| 000 -LEADER |
| fixed length control field |
00816nam a22001937a 4500 |
| 005 - DATE AND TIME OF LATEST TRANSACTION |
| control field |
20251202112122.0 |
| 008 - FIXED-LENGTH DATA ELEMENTS--GENERAL INFORMATION |
| fixed length control field |
251202b ||||| |||| 00| 0 eng d |
| 020 ## - INTERNATIONAL STANDARD BOOK NUMBER |
| International Standard Book Number |
9780007874729 |
| 040 ## - CATALOGING SOURCE |
| Transcribing agency |
KH8 |
| 082 ## - DEWEY DECIMAL CLASSIFICATION NUMBER |
| Classification number |
823.914 MOR |
| 100 ## - MAIN ENTRY--PERSONAL NAME |
| Personal name |
Morpurgo,Michael |
| Relator term |
Author |
| 245 ## - TITLE STATEMENT |
| Title |
Kaspar Prince of Cats |
| 260 ## - PUBLICATION, DISTRIBUTION, ETC. |
| Place of publication, distribution, etc. |
77-85 Fulham Palace Road,Hammersmith,London W6 8JB |
| Name of publisher, distributor, etc. |
HarperCollins Publishers |
| Date of publication, distribution, etc. |
2010 |
| 300 ## - PHYSICAL DESCRIPTION |
| Extent |
204 PAGES |
| Other physical details |
b illustration |
| Dimensions |
13 cm x 19 cm |
| 520 ## - SUMMARY, ETC. |
| Summary, etc. |
Fourteen-year-old Johnny Trott, a bell-boy at London's Savoy Hotel in 1912, becomes caregiver to Kaspar Kandinsky, the Prince of Cats, and soon the two are stowing away on the Titanic, where they are befriended by the Stanton family of New York. |
| 650 ## - SUBJECT ADDED ENTRY--TOPICAL TERM |
| Source of heading or term |
Juvenile Literature |
| Topical term or geographic name entry element |
Cats |
| 655 ## - INDEX TERM--GENRE/FORM |
| Genre/form data or focus term |
Children's Literature |
| 942 ## - ADDED ENTRY ELEMENTS (KOHA) |
| Source of classification or shelving scheme |
|
| Koha item type |
Books - Fiction |